The Mystery of the Pantomime Cat (Record no. 12282)

MARC details
000 -LEADER
fixed length control field 00268nam a22000977a 4500
008 - FIXED-LENGTH DATA ELEMENTS--GENERAL INFORMATION
fixed length control field 230426b |||||||| |||| 00| 0 eng d
020 ## - INTERNATIONAL STANDARD BOOK NUMBER
International Standard Book Number 9781444955224
100 ## - MAIN ENTRY--PERSONAL NAME
Personal name Blyton Guid
9 (RLIN) 7607
245 ## - TITLE STATEMENT
Title The Mystery of the Pantomime Cat
260 ## - PUBLICATION, DISTRIBUTION, ETC. (IMPRINT)
Place of publication, distribution, etc. London
Name of publisher, distributor, etc. Hodder Childrens Books
Holdings
Withdrawn status Lost status Source of classification or shelving scheme Damaged status Koha normalized classification for sorting Not for loan Home library Current library Shelving location Date acquired Total Checkouts Full call number Barcode Date last seen Date last checked out Price effective from Koha item type
    Dewey Decimal Classification   BLY_823_000000000000000   Good Samaritan School Library Good Samaritan School Library FICTION 04/26/2023 5 BLY823 BLy17526 07/18/2025 07/11/2025 04/26/2023 BOOK

Powered by Koha